Govt. of
Madhya Pradesh

यशोधरा जीत गई गौतम बुृद्ध के जीवन पर आधारित उपन्‍यास (Record no. 68397)

MARC details
000 -LEADER
fixed length control field 00435nam a22001097a 4500
082 ## - DEWEY DECIMAL CLASSIFICATION NUMBER
Classification number 891.433/RAG/N
100 ## - MAIN ENTRY--AUTHOR NAME
Personal name राघव, रांगेय
245 ## - TITLE STATEMENT
Title यशोधरा जीत गई गौतम बुृद्ध के जीवन पर आधारित उपन्‍यास
260 ## - PUBLICATION, DISTRIBUTION, ETC. (IMPRINT)
Place of publication दिल्‍ली
Name of publisher डायमंड बुक्‍स
650 ## - SUBJECT ADDED ENTRY--TOPICAL TERM
Topical Term उपन्‍यास
942 ## - ADDED ENTRY ELEMENTS (KOHA)
Koha item type Hindi Books
Holdings
Withdrawn status Lost status Damaged status Not for loan Home library Current library Date acquired Cost, normal purchase price Full call number Accession Number Price effective from Koha item type
        MACL MACL 29/10/2025 175.00 891.433/RAG/N DPI004076 29/10/2025 Hindi Books